Statistics for The Rocky Horror Picture Show the movie quiz

Click here to take the quiz!

General Stats

  • This quiz has been taken 108 times
  • The average score is 8 of 11

Answer Stats

Hint Answer % Correct
Dammit! Main female characterJanet Weiss
94%
The newest creation 'blonde hair and a tan'Rocky
93%
Main male protagonistBrad Majors
91%
Handyman's sister and lips behind 'Science Fiction Double Feature'Magenta
86%
Scientist whose a 'sweet transvestite'Dr. Frank N Furter
85%
Ex delivery boyEddie
83%
The Handyman who starts the 'Time Warp'Riff Raff
82%
Girlfriend of motorcylist and mainly associated with person aboveColumbia
78%
Female who is married in the start of the movieBetty Monroe
53%
The rival scientistDr. Everett Scott
25%
The NarratorThe Criminologist
18%

Score Distribution

Percentile by Number Answered

Percent of People with Each Score

Your Score History

You have not taken this quiz